[Event "Superettan(Rockaden,Sthlm II-Manhem)"]
[Site "?"]
[Date "2019.03.29"]
[Round "7"]
[White "Tuomainen, Felix"]
[Black "Berggren Torell, Harald"]
[Result "1/2-1/2"]
[WhiteElo "2194"]
[BlackElo "2148"]
[PlyCount "114"]
1. d4 g6 2. c4 f5 3. Nc3 Nf6 4. h4 Bg7 5. h5 Nxh5 6. e4 e6 7. Be2 Nf6 8. e5 Ng8
9. Nf3 Nc6 10. Bg5 Nce7 11. Qa4 h6 12. Be3 Kf8 13. d5 b6 14. O-O-O exd5 15.
cxd5 d6 16. Bd4 a6 17. Qb4 b5 18. Qa5 Bb7 19. exd6 cxd6 20. Bb6 Qd7 21. Kb1 Kf7
22. Nd4 Nf6 23. Ne6 Bxd5 24. Nxg7 Nc6 25. Qa3 b4 26. Qa4 bxc3 27. Rxd5 Qb7 28.
Nxf5 Qxb6 29. Nxd6+ Kg7 30. Nc4 Qxf2 31. Rd6 Qxe2 32. Qxc6 c2+ 33. Kc1 Raf8 34.
Rd2 Qe7 35. b3 Rd8 36. Qf3 Rxd2 37. Kxd2 Rd8+ 38. Kxc2 Qe4+ 39. Qxe4 Nxe4 40.
Re1 Ng5 41. Re7+ Kf6 42. Ra7 Ne4 43. Rxa6+ Kf5 44. a4 h5 45. a5 h4 46. Rb6 g5
47. a6 Ra8 48. b4 Kf4 49. b5 Kg3 50. Re6 Nc5 51. Rc6 Nxa6 52. Rxa6 Rc8 53. Kd3
Kxg2 54. Ne3+ Kg3 55. Nf5+ Kf4 56. Nd4 h3 57. Rf6+ Kg4 1/2-1/2

[Event "Superettan(Vaxjo-Kristallen)"]
[Site "?"]
[Date "2019.03.29"]
[Round "7"]
[White "Olofsson-Dolk, Mattis"]
[Black "Subramanian, Aditya"]
[Result "1-0"]
[WhiteElo "2172"]
[BlackElo "2169"]
[PlyCount "95"]
1. e4 e5 2. Nf3 Nc6 3. Bb5 g6 4. c3 a6 5. Ba4 Bg7 6. O-O Nge7 7. d4 b5 8. Bb3
d6 9. h3 O-O 10. Be3 exd4 11. cxd4 Na5 12. Nc3 b4 13. Ne2 d5 14. e5 Bd7 15. Qd2
Bb5 16. Rfe1 Nf5 17. Qxb4 c5 18. dxc5 Nxe3 19. fxe3 Nc6 20. Qf4 Qe7 21. Nc3
Nxe5 22. Nxd5 Nxf3+ 23. Qxf3 Qxc5 24. a4 Bd3 25. Rac1 Qa7 26. Red1 Bf5 27. Rc7
Qb8 28. Ne7+ Kh8 29. Rb7 Qe8 30. Nxf5 gxf5 31. Bxf7 Qxa4 32. Bb3 Qh4 33. Rdd7
Qe1+ 34. Qf1 Qxe3+ 35. Kh1 Rg8 36. Bxg8 Rxg8 37. Qd1 Qg5 38. Qd2 h6 39. Qxg5
hxg5 40. Ra7 g4 41. hxg4 fxg4 42. g3 Kh7 43. Kg2 Kg6 44. Rxa6+ Kf5 45. Rd5+ Ke4
46. Rg5 Rb8 47. Rxg4+ Ke3 48. Rxg7 1-0

[Event "Superettan(Rockaden,Sthlm II-Manhem)"]
[Site "?"]
[Date "2019.03.29"]
[Round "7"]
[White "Troedsson, Anton"]
[Black "Nikolic, Vladan"]
[Result "0-1"]
[WhiteElo "1968"]
[BlackElo "2157"]
[PlyCount "80"]
1. Nf3 d5 2. b3 Nf6 3. Bb2 e6 4. g3 Be7 5. Bg2 O-O 6. O-O b6 7. d4 c5 8. c4 Bb7
9. Nbd2 Nbd7 10. e3 cxd4 11. Nxd4 Nc5 12. Qe2 Qd7 13. Rfd1 dxc4 14. Nxc4 Bxg2
15. Kxg2 Qb7+ 16. Qf3 Nce4 17. Rac1 Rac8 18. Ne5 Bc5 19. Ndc6 Ng5 20. Qf4 Rxc6
21. Nxc6 Qxc6+ 22. f3 Qb5 23. Rc2 Be7 24. h4 Nd5 25. Qd4 Bf6 26. Qd2 Nxf3 27.
Kxf3 Bxb2 28. Rxb2 Nf6 29. Qd3 Qe5 30. Qd4 Qh5+ 31. Kg2 e5 32. Qd3 Ng4 33. Rf1
Qh6 34. Re2 Qc6+ 35. e4 h5 36. Rc2 Qxc2+ 37. Qxc2 Ne3+ 38. Kh3 Nxc2 39. Rf5 f6
40. Rxh5 g6 0-1

[Event "Superettan(Rockaden,Sthlm II-Manhem)"]
[Site "?"]
[Date "2019.03.29"]
[Round "7"]
[White "Bryntze, Stefan"]
[Black "Bengtsson, Jonas"]
[Result "0-1"]
[WhiteElo "2211"]
[BlackElo "2122"]
[PlyCount "74"]
1. f4 g6 2. Nf3 Bg7 3. e3 c5 4. Be2 e6 5. O-O Ne7 6. d3 O-O 7. c3 Nbc6 8. Qc2
b6 9. e4 Bb7 10. Be3 Rc8 11. Nbd2 Nd4 12. Qd1 Nxe2+ 13. Qxe2 Ba6 14. Rad1 d6
15. Kh1 Qd7 16. Bf2 b5 17. d4 cxd4 18. Bxd4 Bh6 19. Nb3 Qb7 20. Qe1 b4 21. Qh4
Bg7 22. Bxg7 Kxg7 23. f5 exf5 24. Ng5 h5 25. Rf2 bxc3 26. bxc3 Bc4 27. Na5 Qd7
28. e5 Qa4 29. Rd4 dxe5 30. Nxc4 Rxc4 31. Nf3 Rxd4 32. cxd4 Qd1+ 33. Ng1 Rc8
34. Qxe7 Rc1 35. Qxe5+ Kh7 36. Rf1 Qxf1 37. Qe3 f4 0-1

[Event "Superettan(Vaxjo-Kristallen)"]
[Site "?"]
[Date "2019.03.29"]
[Round "7"]
[White "Neretljak, Nedzad"]
[Black "Gamback, Bjorn"]
[Result "0-1"]
[WhiteElo "2140"]
[BlackElo "2096"]
[PlyCount "66"]
1. e4 c5 2. Nf3 e6 3. c4 Nc6 4. d4 cxd4 5. Nxd4 Bb4+ 6. Nc3 Nf6 7. Qd3 a6 8.
Nc2 Be7 9. f4 d6 10. Be2 Qc7 11. Qg3 b6 12. O-O h5 13. Be3 g6 14. Bf3 Bb7 15.
Rac1 Nd7 16. Rfd1 Bf6 17. e5 dxe5 18. Nd5 exd5 19. cxd5 exf4 20. Bxf4 Nce5 21.
Nb4 Qd6 22. Nc6 Kf8 23. Be4 Re8 24. Rf1 Kg7 25. Nd4 Kh7 26. Qh3 Kg8 27. Nc6 Nc5
28. Bb1 Qxd5 29. Nxe5 Bxe5 30. Rcd1 Bd4+ 31. Kh1 Re2 32. Rf3 Qe6 33. Qg3 h4 0-1

[Event "Superettan(Kungstornet-Vasteras II)"]
[Site "?"]
[Date "2019.03.29"]
[Round "7"]
[White "Eriksson, Anders"]
[Black "Cicak, Slavko"]
[Result "0-1"]
[WhiteElo "2230"]
[BlackElo "2491"]
[PlyCount "86"]
[SourceDate "2019.04.08"]
1. Nf3 g6 2. g3 Bg7 3. c4 d6 4. d4 Nf6 5. Bg2 O-O 6. O-O Bd7 7. Nc3 Qc8 8. Re1
Re8 9. e4 Bg4 10. Rb1 Nc6 11. Qd3 Nd7 12. Be3 Bxf3 13. Bxf3 e5 14. d5 Nd4 15.
Bg2 c5 16. dxc6 bxc6 17. b4 a6 18. a3 Qc7 19. Rec1 h5 20. Ne2 c5 21. Nxd4 cxd4
22. Bd2 Qc6 23. Qb3 Rab8 24. Qc2 Kh7 25. a4 Bh6 26. Bxh6 Kxh6 27. a5 Rb7 28.
Bf1 Kg7 29. b5 Qc7 30. Qd2 Nc5 31. f3 h4 32. b6 Qd8 33. Bh3 Rh8 34. Bg4 Qe7 35.
Re1 Rbb8 36. Re2 Rh6 37. Rbe1 hxg3 38. hxg3 Rbh8 39. Rg2 Qe8 40. Qc2 d3 41. Qc3
Qa4 42. f4 Rh1+ 43. Kf2 Qc2+ 0-1

[Event "Superettan(SodraSASS-Alingsas)"]
[Site "?"]
[Date "2019.03.29"]
[Round "7"]
[White "Agrest, Evgenij"]
[Black "Winge, Stefan"]
[Result "1-0"]
[WhiteElo "2581"]
[BlackElo "2203"]
[PlyCount "119"]
1. d4 Nf6 2. Bf4 g6 3. e3 Bg7 4. Nf3 O-O 5. Be2 b6 6. O-O Bb7 7. h3 d6 8. Bh2
Nbd7 9. a4 a5 10. c4 Ne4 11. Na3 e5 12. Nb5 Rc8 13. Qb3 Qe7 14. Rfe1 Kh8 15.
Qa3 Rfe8 16. Bf1 Nb8 17. b4 axb4 18. Qxb4 Nc6 19. Qa3 Na5 20. Rac1 f5 21. Red1
Bf6 22. Rc2 Qg7 23. Ne1 Nc6 24. f3 Ng5 25. d5 Na5 26. Kh1 Nf7 27. f4 Re7 28.
Nf3 Rce8 29. Bg1 Bc8 30. Nd2 g5 31. fxg5 Nxg5 32. Bh2 Nb7 33. Nc3 Bd7 34. Nb3
Ra8 35. Nb5 Be8 36. Bd3 f4 37. exf4 exf4 38. Bxf4 Bxb5 39. cxb5 Ne4 40. Bc4 Nc3
41. Rxc3 Bxc3 42. Qc1 Rxa4 43. Bd3 Nc5 44. Bh6 Qe5 45. Nxc5 Ra1 46. Bb1 Qe1+
47. Kh2 Be5+ 48. Bf4 Rxb1 49. Rxe1 Rxc1 50. Bxe5+ Rxe5 51. Rxc1 bxc5 52. Ra1
Re8 53. Ra7 Rc8 54. Kg3 Kg8 55. Kg4 Kf8 56. Kf5 Ke8 57. Ke6 Kd8 58. b6 cxb6 59.
Rd7+ Ke8 60. Rxh7 1-0

[Event "Superettan(Upsala-Burgsvik)"]
[Site "?"]
[Date "2019.03.29"]
[Round "7"]
[White "Haitin, Ilja"]
[Black "Johansson, Thomas"]
[Result "1/2-1/2"]
[WhiteElo "2294"]
[BlackElo "2235"]
[PlyCount "61"]
1. e4 e6 2. d4 d5 3. exd5 exd5 4. Nf3 Nc6 5. Bb5 Bd6 6. c4 dxc4 7. d5 a6 8. Ba4
b5 9. dxc6 bxa4 10. O-O Ne7 11. Nbd2 Be6 12. Qxa4 Bd5 13. Nxc4 Bxc6 14. Nxd6+
Qxd6 15. Qg4 O-O 16. Qg3 Qxg3 17. hxg3 Bxf3 18. gxf3 Nd5 19. Bd2 Rfe8 20. Rfe1
c6 21. Re4 f5 22. Rd4 Re6 23. Rc1 Kf7 24. Rc5 Rb8 25. b3 Rb5 26. Rxb5 axb5 27.
a4 bxa4 28. bxa4 Ke7 29. a5 Kd6 30. Kf1 Kc5 31. Rh4 1/2-1/2

[Event "Superettan(SodraSASS-Alingsas)"]
[Site "?"]
[Date "2019.03.29"]
[Round "7"]
[White "Adler, Bo"]
[Black "Winsnes, Rikard"]
[Result "1-0"]
[WhiteElo "2378"]
[BlackElo "2176"]
[PlyCount "97"]
1. d4 Nf6 2. c4 g6 3. Nc3 d5 4. Nf3 Bg7 5. Bg5 Ne4 6. cxd5 Nxg5 7. Nxg5 e6 8.
Qd2 exd5 9. Qe3+ Kf8 10. Qf4 Bf6 11. h4 h6 12. Nxd5 Bxg5 13. Qe5 Rh7 14. hxg5
Nc6 15. Qe4 Bf5 16. Qf3 Nxd4 17. Qa3+ Kg7 18. Ne3 Qxg5 19. Qc3 Qf6 20. O-O-O c5
21. Nxf5+ Nxf5 22. Qxf6+ Kxf6 23. Rd7 Rb8 24. Rc7 Rhh8 25. e3 Rhc8 26. Rxc8
Rxc8 27. g4 Nd6 28. Rxh6 Re8 29. Be2 b6 30. Rh1 Ne4 31. Rd1 Ke7 32. Bb5 Rd8 33.
Rxd8 Kxd8 34. f3 Nd6 35. Bc6 Nc4 36. Bd5 Nxe3 37. Bxf7 g5 38. Kd2 Ng2 39. Kd3
Ke7 40. Bc4 Kf6 41. Ke4 Nf4 42. a4 Nh3 43. Kd5 Ng1 44. Kc6 Nxf3 45. Kb7 Ne5 46.
Be2 c4 47. Kxa7 Nd3 48. b3 Ke5 49. Kxb6 1-0

[Event "Superettan(Upsala-Burgsvik)"]
[Site "?"]
[Date "2019.03.29"]
[Round "7"]
[White "Johansson, Jan"]
[Black "Krupenski, Juri"]
[Result "0-1"]
[WhiteElo "2344"]
[BlackElo "2418"]
[PlyCount "92"]
1. d4 Nf6 2. Nf3 e6 3. c4 d5 4. Nc3 a6 5. Bg5 dxc4 6. a4 Nc6 7. e4 Na5 8. e5 h6
9. Bd2 Nd5 10. Be2 Nb3 11. Rb1 b5 12. O-O Be7 13. axb5 Nxc3 14. Bxc3 axb5 15.
Nd2 Nxd4 16. Bh5 g6 17. Ne4 c5 18. Bf3 Ra6 19. b4 cxb3 20. Bxd4 Qxd4 21. Qxd4
cxd4 22. Rxb3 b4 23. Nf6+ Kf8 24. Rd1 Ra5 25. h3 Rxe5 26. Ng4 Ra5 27. Rxd4 e5
28. Rd1 Be6 29. Rbb1 f5 30. Ne3 e4 31. Be2 Kf7 32. Bc4 Rc8 33. Rdc1 Kf6 34.
Bxe6 Rxc1+ 35. Rxc1 Kxe6 36. Rc6+ Kf7 37. Rb6 Ra1+ 38. Kh2 Bc5 39. Rb5 Rc1 40.
h4 h5 41. Nd5 Bxf2 42. Rxb4 Bxh4 43. Rb7+ Kg8 44. Rb6 Kg7 45. Rb7+ Kh6 46. Rb6
Bg5 0-1

[Event "Superettan(Kungstornet-Vasteras II)"]
[Site "?"]
[Date "2019.03.29"]
[Round "7"]
[White "Kretz, Johan"]
[Black "von Bahr, Oskar"]
[Result "0-1"]
[WhiteElo "2207"]
[BlackElo "2405"]
[PlyCount "70"]
1. d4 Nf6 2. c4 g6 3. Nc3 d5 4. cxd5 Nxd5 5. e4 Nxc3 6. bxc3 Bg7 7. Nf3 c5 8.
Rb1 cxd4 9. cxd4 Qa5+ 10. Qd2 Nc6 11. Qxa5 Nxa5 12. Bd2 b6 13. Bb5+ Bd7 14.
Bxa5 bxa5 15. Bxd7+ Kxd7 16. Rb7+ Kd6 17. e5+ Ke6 18. Ng5+ Kf5 19. Nxf7 Rhb8
20. Rxe7 Bf8 21. Nd6+ Kg5 22. f4+ Kh6 23. Re6 Bxd6 24. O-O Ba3 25. d5 Rb2 26.
Rc6 Rab8 27. Rf3 Rxa2 28. h4 Rbb2 29. Rg3 Bb4 30. f5 Rb1+ 31. Kh2 Raa1 32. Kh3
Rh1+ 33. Kg4 Be1 34. Rh3 Rf1 35. Rc4 gxf5# 0-1

[Event "Superettan(SodraSASS-Alingsas)"]
[Site "?"]
[Date "2019.03.29"]
[Round "7"]
[White "Agrest, Inna"]
[Black "Furhoff, Johan"]
[Result "1-0"]
[WhiteElo "2275"]
[BlackElo "2337"]
[PlyCount "99"]
1. e4 e5 2. Nf3 Nc6 3. Bb5 a6 4. Ba4 d6 5. c3 f5 6. exf5 Bxf5 7. O-O Bd3 8. Re1
Be7 9. Re3 e4 10. Ne1 Nf6 11. Nxd3 exd3 12. Rxd3 O-O 13. Rh3 d5 14. d4 Qd7 15.
Be3 Ng4 16. Bc2 g6 17. Nd2 Rae8 18. Nf3 Bf6 19. Qd3 Ne7 20. Bd2 Nf5 21. Re1 c6
22. Qf1 Nd6 23. Rxe8 Rxe8 24. Rg3 Ne4 25. Bxe4 dxe4 26. h3 exf3 27. hxg4 fxg2
28. Qc4+ Kg7 29. g5 Bd8 30. Bf4 Bc7 31. Bxc7 Qxc7 32. d5 c5 33. b4 Rc8 34. bxc5
Qxc5 35. Qe4 Rf8 36. Rf3 Rxf3 37. Qxf3 Qe7 38. Qe3 Qd7 39. Qd4+ Kf7 40. Qf6+
Kg8 41. d6 Qh3 42. Qd8+ Kf7 43. Qc7+ Kf8 44. Qb8+ Kf7 45. Qxb7+ Kf8 46. Qxg2
Qxc3 47. Qa8+ Kg7 48. Qb7+ Kf8 49. Qb8+ Kf7 50. Qc7+ 1-0

[Event "Superettan(Upsala-Burgsvik)"]
[Site "?"]
[Date "2019.03.29"]
[Round "7"]
[White "Andersson, Tommy"]
[Black "Burwick, Malte"]
[Result "1-0"]
[WhiteElo "2407"]
[BlackElo "2228"]
[PlyCount "131"]
1. d4 g6 2. c4 Bg7 3. Nc3 Nf6 4. e4 d6 5. f3 O-O 6. Be3 a6 7. Qd2 c6 8. d5 Nbd7
9. Nge2 Ne5 10. Nd4 e6 11. dxc6 bxc6 12. O-O-O Bb7 13. Bg5 Qc7 14. f4 Ned7 15.
Nb3 d5 16. e5 Ng4 17. Be7 Rfe8 18. Bd6 Qd8 19. h3 Nh6 20. g4 f6 21. exf6 Nxf6
22. Ba3 Nd7 23. Bg2 Rb8 24. cxd5 cxd5 25. Kb1 Nb6 26. Na5 Ba8 27. Rhe1 Kh8 28.
Bf1 Qd7 29. Nb3 Na4 30. Ne4 Nf7 31. Nec5 Nxc5 32. Bxc5 e5 33. fxe5 Nxe5 34. Bd4
Kg8 35. Qc3 Qd6 36. Qa5 Bb7 37. Qc5 Bf8 38. Qxd6 Bxd6 39. Bc5 Rbd8 40. Bxd6
Rxd6 41. Nc5 Bc6 42. Bxa6 Nf7 43. Rxe8+ Bxe8 44. Bb7 d4 45. Ne4 Rd8 46. Nf6+
Kf8 47. Nxe8 Kxe8 48. a4 Rd6 49. Ka2 Kd7 50. Be4 Ng5 51. Bg2 Ne6 52. b4 Nf4 53.
Be4 Nxh3 54. Rd2 Ng5 55. Bh1 Nf7 56. Kb3 Ne5 57. a5 Nxg4 58. a6 Rxa6 59. Rxd4+
Kc7 60. Rxg4 Re6 61. Re4 Kd6 62. Rxe6+ Kxe6 63. Be4 Ke5 64. Bc2 g5 65. Bxh7 g4
66. Bd3 1-0

[Event "Superettan(Kungstornet-Vasteras II)"]
[Site "?"]
[Date "2019.03.29"]
[Round "7"]
[White "Backlund, Anders"]
[Black "Carlsson, Ludvig"]
[Result "0-1"]
[WhiteElo "2307"]
[BlackElo "2177"]
[PlyCount "66"]
1. e4 g6 2. d4 Bg7 3. Nc3 d6 4. Be3 a6 5. h4 Nf6 6. f3 h5 7. Qd2 b5 8. O-O-O c6
9. Kb1 Qc7 10. e5 dxe5 11. dxe5 Nd5 12. Nxd5 cxd5 13. f4 Bg4 14. Be2 Bxe2 15.
Nxe2 e6 16. g4 hxg4 17. Ng3 Nc6 18. Qe2 Rc8 19. Qxg4 Nxe5 20. fxe5 Bxe5 21. Bd4
Qxc2+ 22. Ka1 Rc4 23. Ne2 Kd7 24. Qf3 f6 25. Bxe5 fxe5 26. Nc3 Qf5 27. Qe3 d4
28. Rhf1 Qxf1 29. Qg5 Qf3 30. Qg1 Rxh4 31. a3 Rxc3 32. bxc3 Qxc3+ 33. Ka2 Rh3
0-1

[Event "Superettan(SodraSASS-Alingsas)"]
[Site "?"]
[Date "2019.03.29"]
[Round "7"]
[White "Fors, Tomas"]
[Black "Bjorklund, Thomas"]
[Result "1/2-1/2"]
[WhiteElo "2160"]
[BlackElo "2161"]
[PlyCount "89"]
1. d4 d5 2. c4 e6 3. Nc3 Nf6 4. Bg5 Be7 5. e3 O-O 6. Nf3 c6 7. Qc2 Nbd7 8.
O-O-O dxc4 9. Bxc4 Nd5 10. Bxe7 Qxe7 11. e4 Nxc3 12. Qxc3 Nf6 13. Rhe1 Qc7 14.
Kb1 b6 15. Rc1 Bb7 16. Bd3 h6 17. Ka1 Rfd8 18. Bb1 Rac8 19. Qd3 g6 20. Qe3 Kg7
21. h3 Qe7 22. g4 c5 23. Qa3 Rd7 24. e5 Bxf3 25. Qxf3 Nd5 26. Be4 c4 27. Qg3
Qb4 28. Bxd5 Rxd5 29. Qc3 Qa4 30. Re2 Qd7 31. Rd2 b5 32. Rcd1 Qb7 33. a3 Rcd8
34. f4 Qb6 35. f5 a5 36. fxg6 fxg6 37. Rf1 Rxd4 38. Qf3 R4d7 39. Rxd7+ Rxd7 40.
Qf8+ Kh7 41. Qe8 Qd4 42. Qxe6 c3 43. Rf7+ Rxf7 44. Qxf7+ Kh8 45. Qf8+ 1/2-1/2

[Event "Superettan(Upsala-Burgsvik)"]
[Site "?"]
[Date "2019.03.29"]
[Round "7"]
[White "Nilsson, Joakim"]
[Black "Persson, Mats"]
[Result "1/2-1/2"]
[WhiteElo "2299"]
[BlackElo "2283"]
[PlyCount "78"]
1. d4 Nf6 2. c4 e6 3. g3 Bb4+ 4. Bd2 a5 5. Bg2 d5 6. Nf3 O-O 7. O-O Nc6 8. Nc3
dxc4 9. Bg5 Be7 10. e3 h6 11. Bxf6 Bxf6 12. Qe2 e5 13. d5 Ne7 14. Rfd1 Nf5 15.
Nd2 Nd6 16. Nxc4 b6 17. Nxd6 cxd6 18. Rac1 Ba6 19. Nb5 Qd7 20. Rc6 Bd8 21. a4
f5 22. Qd3 Rf6 23. f4 Qe7 24. Qc3 exf4 25. exf4 Bxb5 26. axb5 Qe2 27. Rd3 Kh7
28. Bf3 Qe8 29. Re3 Qd7 30. Qc2 Kg8 31. Qe2 a4 32. Re6 Kf7 33. Bh5+ g6 34.
Bxg6+ Kxg6 35. g4 fxg4 36. Qc2+ Kg7 37. Qc3 Kg6 38. Qc2+ Kg7 39. Qc3 Kg6
1/2-1/2

[Event "Superettan(Kungstornet-Vasteras II)"]
[Site "?"]
[Date "2019.03.29"]
[Round "7"]
[White "Janse, Love"]
[Black "Andersson, Fredrik"]
[Result "1-0"]
[WhiteElo "2187"]
[BlackElo "2287"]
[PlyCount "61"]
1. e4 c5 2. Nc3 e6 3. g3 Nc6 4. Bg2 g6 5. d3 Bg7 6. Be3 d6 7. Qd2 Rb8 8. Nge2
b5 9. d4 b4 10. Nd1 cxd4 11. Nxd4 Ne5 12. Qe2 Qa5 13. Bf1 Ne7 14. f4 N5c6 15.
Nb5 Qd8 16. Nxa7 Bb7 17. Bg2 O-O 18. O-O d5 19. e5 Nf5 20. Bc5 Qa5 21. Qf2 Nxa7
22. Bxa7 Ra8 23. Bb6 Qb5 24. Qc5 Qa4 25. c3 bxc3 26. Nxc3 Qc2 27. Rf2 Qd3 28.
Bf1 Qe3 29. Qxe3 Nxe3 30. Bxe3 Rfd8 31. Bd4 1-0

[Event "Superettan(SodraSASS-Alingsas)"]
[Site "?"]
[Date "2019.03.29"]
[Round "7"]
[White "Andreasson, Ingvar"]
[Black "Franzen, Bo"]
[Result "1-0"]
[WhiteElo "2327"]
[BlackElo "1734"]
[PlyCount "89"]
[SourceDate "2019.04.09"]
1. Nf3 f5 2. g3 b6 3. Bg2 Bb7 4. O-O Nf6 5. d3 g6 6. e4 fxe4 7. Ng5 Bg7 8. Nc3
O-O 9. Ncxe4 Nxe4 10. Nxe4 Nc6 11. c3 Ne5 12. d4 Nf7 13. Nf6+ Bxf6 14. Bxb7 Rb8
15. Bg2 e5 16. dxe5 Bxe5 17. Be3 c6 18. Qa4 Qc7 19. Rad1 a5 20. Qg4 d5 21. c4
Bxb2 22. cxd5 c5 23. d6 Qd8 24. h4 Qf6 25. d7 Ne5 26. Qe2 Nf7 27. Rd5 h6 28.
Rfd1 Kg7 29. Bf4 Rbd8 30. Bc7 Bd4 31. R1xd4 cxd4 32. Qd2 Rc8 33. dxc8=Q Rxc8
34. Bf4 d3 35. Rxd3 g5 36. hxg5 hxg5 37. Be3 Kg8 38. Bd5 Qa1+ 39. Kg2 Qe5 40.
Bxg5 Kg7 41. Bf4 Qa1 42. Bxf7 Rh8 43. Qd1 Qxd1 44. Rxd1 Kxf7 45. Rb1 1-0

[Event "Superettan(Upsala-Burgsvik)"]
[Site "?"]
[Date "2019.03.29"]
[Round "7"]
[White "Larsson, Victor"]
[Black "Wagner, Stephan"]
[Result "0-1"]
[WhiteElo "2201"]
[BlackElo "2218"]
[PlyCount "70"]
1. d4 f5 2. g4 d5 3. h3 e6 4. Nf3 Nf6 5. Rg1 g6 6. Bg5 Be7 7. Nc3 Ne4 8. Bh6
Nd7 9. gxf5 Nxc3 10. bxc3 exf5 11. Qd3 Bf6 12. c4 dxc4 13. Qxc4 Nb6 14. Qb3 Qe7
15. O-O-O Be6 16. d5 Nxd5 17. Ng5 O-O-O 18. Nxe6 Qxe6 19. Bg2 c6 20. Bxd5 Rxd5
21. Rxd5 Qxd5 22. Qxd5 cxd5 23. Bg5 Bxg5+ 24. Rxg5 Re8 25. Kd2 Re4 26. Rg3 Rd4+
27. Kc3 Rf4 28. f3 Kc7 29. e3 Rc4+ 30. Kb3 f4 31. exf4 Rxf4 32. Kc3 Kd6 33. a3
Ke5 34. Kd3 Ra4 35. Kd2 Kf5 0-1

[Event "Superettan(Kungstornet-Vasteras II)"]
[Site "?"]
[Date "2019.03.29"]
[Round "7"]
[White "Couso, Luis"]
[Black "Petersson, Baldur Teodor"]
[Result "1/2-1/2"]
[WhiteElo "2288"]
[BlackElo "2152"]
[PlyCount "64"]
1. c4 Nf6 2. g3 g6 3. Bg2 Bg7 4. Nc3 O-O 5. e4 d6 6. Nge2 e5 7. O-O c6 8. d3 a6
9. h3 b5 10. Bg5 h6 11. Be3 b4 12. Nb1 c5 13. a3 Nc6 14. Nd2 Rb8 15. axb4 Rxb4
16. Ra2 Nd4 17. Nb1 Qb6 18. Nxd4 cxd4 19. Bc1 Nd7 20. Nd2 Nc5 21. Qe2 Bd7 22.
f4 f6 23. h4 Qb8 24. f5 g5 25. Bf3 Kf7 26. Ra3 Ke7 27. Qh2 Rh8 28. Bd1 Rxb2 29.
Bxb2 Qxb2 30. Ra5 Qb6 31. Ra3 Qb2 32. Ra5 Qb6 1/2-1/2

[Event "Superettan(SodraSASS-Alingsas)"]
[Site "?"]
[Date "2019.03.29"]
[Round "7"]
[White "Alquist, Erik"]
[Black "Bergre, Joachim"]
[Result "1/2-1/2"]
[WhiteElo "2034"]
[BlackElo "1944"]
[PlyCount "90"]
1. e4 d6 2. d4 g6 3. Nc3 Bg7 4. Be3 a6 5. h4 h5 6. Nf3 b5 7. Qd2 Nf6 8. Ng5 Ng4
9. Bf4 Bb7 10. f3 Nh6 11. O-O-O Nd7 12. Be2 c5 13. dxc5 Nxc5 14. Be3 Rc8 15.
Bd4 Bxd4 16. Qxd4 f6 17. Nh3 Ne6 18. Qe3 Qc7 19. Bd3 Nf7 20. Nd5 Qc5 21. Qd2
Ne5 22. Nhf4 Bxd5 23. Nxd5 Kf7 24. Kb1 Nd4 25. Ne3 Ne6 26. Rhf1 Nf4 27. g3
Nfxd3 28. cxd3 Nd7 29. f4 Qb6 30. f5 Ne5 31. fxg6+ Nxg6 32. Rf5 Ne5 33. d4 Nc4
34. Nxc4 Rxc4 35. e5 dxe5 36. dxe5 Qe6 37. Rdf1 Rc5 38. Qg5 Rc6 39. g4 hxg4 40.
Qxg4 Rg8 41. Qh5+ Kf8 42. Qf3 Qc4 43. a3 Qc2+ 44. Ka2 Rg2 45. Rf2 Rxf2 1/2-1/2

[Event "Superettan(Upsala-Burgsvik)"]
[Site "?"]
[Date "2019.03.29"]
[Round "7"]
[White "Kashebayev, Azamat"]
[Black "Linusson, Pelle"]
[Result "1/2-1/2"]
[WhiteElo "2149"]
[BlackElo "2216"]
[PlyCount "76"]
1. d4 Nf6 2. c4 g6 3. Nc3 d5 4. cxd5 Nxd5 5. Nxd5 Qxd5 6. e3 Bg7 7. Nf3 O-O 8.
Qc2 Bf5 9. Qb3 Qxb3 10. axb3 Nc6 11. Bd2 e5 12. d5 Ne7 13. Bb4 Rfe8 14. Bc4 a6
15. O-O Bf6 16. Rfe1 e4 17. Nd4 Rad8 18. Bxe7 Rxe7 19. b4 Bxd4 20. exd4 Kf8 21.
h3 Bd7 22. d6 cxd6 23. Bd5 Bc8 24. Rxe4 Rxe4 25. Bxe4 Re8 26. Bf3 Re7 27. Rc1
Be6 28. g4 f6 29. Kg2 Ke8 30. d5 Bd7 31. Rc7 Bb5 32. Rc8+ Kf7 33. Rh8 Kg7 34.
Rd8 Rd7 35. Rc8 Re7 36. Rd8 Rd7 37. Rc8 Re7 38. Rd8 Rd7 1/2-1/2

[Event "Superettan(Kungstornet-Vasteras II)"]
[Site "?"]
[Date "2019.03.29"]
[Round "7"]
[White "Nordebrink, Johan"]
[Black "Aronsson, Marten"]
[Result "0-1"]
[WhiteElo "2117"]
[BlackElo "2272"]
[PlyCount "66"]
1. e4 e5 2. Nf3 Nc6 3. d4 exd4 4. Nxd4 Nf6 5. Nc3 Bb4 6. Nxc6 bxc6 7. Bd3 d5 8.
exd5 cxd5 9. O-O O-O 10. h3 c6 11. Qf3 Re8 12. Bg5 Be7 13. Rfe1 Be6 14. Ne2 Nd7
15. Bxe7 Qxe7 16. Nd4 Qd6 17. Rad1 c5 18. Nb5 Qb6 19. Nc3 Nf6 20. b3 Qa5 21.
Re5 Kh8 22. Nb5 Rad8 23. Qf4 a6 24. Rg5 h6 25. Rxg7 Kxg7 26. Qg3+ Kf8 27. Nc7
Re7 28. Nxa6 c4 29. Qe5 Ng8 30. Bxc4 Bc8 31. b4 Rxe5 32. bxa5 Bxa6 33. Bxa6 Ra8
0-1

[Event "Superettan(SodraSASS-Alingsas)"]
[Site "?"]
[Date "2019.03.29"]
[Round "7"]
[White "Wengholm, Anders"]
[Black "Broden, Per"]
[Result "0-1"]
[WhiteElo "2209"]
[BlackElo "2008"]
[PlyCount "102"]
1. Nf3 c5 2. c4 e6 3. g3 g6 4. Bg2 Bg7 5. d4 cxd4 6. Nxd4 a6 7. Nc3 Nc6 8. Be3
Nge7 9. O-O O-O 10. c5 e5 11. Nc2 Nf5 12. Nd5 d6 13. cxd6 Qxd6 14. Bb6 Nfd4 15.
e3 Nxc2 16. Qxc2 Nb4 17. Qb3 Nxd5 18. Bxd5 Be6 19. Bxe6 Qxe6 20. Qxe6 fxe6 21.
Rac1 e4 22. Rc4 Bxb2 23. Rxe4 Rae8 24. Rb1 Bf6 25. a4 Rf7 26. f4 Rd7 27. Kg2
Rd2+ 28. Kf3 Kf7 29. h4 Rc8 30. Ba5 Rd7 31. Reb4 Rb8 32. Bb6 Rc8 33. g4 e5 34.
g5 Be7 35. Re4 exf4 36. Rxf4+ Ke6 37. Re4+ Kf7 38. Kg4 Rc2 39. a5 Rdd2 40. Rf4+
Ke8 41. Bd4 Rc7 42. Re4 Kf7 43. Be5 Rcd7 44. Rf4+ Ke6 45. Rb6+ Kxe5 46. Kf3 Bd8
47. Re4+ Kd5 48. Rbe6 Rf7+ 49. Kg4 Bc7 50. Re8 Rg2+ 51. Kh3 Rg3+ 0-1

[Event "Superettan(Upsala-Burgsvik)"]
[Site "?"]
[Date "2019.03.29"]
[Round "7"]
[White "Andersson, Bjorn"]
[Black "Sittenfeld, Johan"]
[Result "0-1"]
[WhiteElo "2162"]
[BlackElo "2153"]
[PlyCount "125"]
1. e4 e5 2. Nf3 Nc6 3. d4 exd4 4. Bb5 Bc5 5. O-O Nge7 6. Ng5 d6 7. Qh5 Ng6 8.
f4 Qe7 9. Nd2 Bd7 10. Bc4 O-O-O 11. Nxf7 Nb4 12. Nxh8 Rxh8 13. Bd3 Nxc2 14. b4
Nxb4 15. Qe2 Bb5 16. Qg4+ Bd7 17. Qg3 a6 18. a4 Qe8 19. Ba3 Nxd3 20. Qxd3 Bxa4
21. Bxc5 dxc5 22. g3 Bb5 23. Nc4 Kb8 24. Rfc1 Ne7 25. Qa3 b6 26. Nd2 Nc6 27.
Rab1 Qe7 28. e5 Nb4 29. Re1 Nc2 30. Qf3 Nxe1 31. Rxe1 g6 32. g4 h5 33. gxh5
Rxh5 34. Qg3 Qe6 35. Ne4 d3 36. Ng5 Qd5 37. e6 Bc6 38. Kf2 d2 39. Rd1 Ba4 40.
e7 Rh8 41. Qc3 Rxh2+ 42. Ke3 Qd4+ 43. Qxd4 cxd4+ 44. Kxd4 Kc8 45. Nf3 Kd7 46.
e8=Q+ Kxe8 47. Rxd2 Rxd2+ 48. Nxd2 Bc2 49. Nc4 Ke7 50. Ne3 Bb1 51. Ke5 a5 52.
Nd5+ Kd7 53. Kd4 Kd6 54. Nc3 Bf5 55. Nb5+ Kc6 56. Nc3 b5 57. Nd5 Kd6 58. Nc3
c5+ 59. Ke3 Kc6 60. Kd2 b4 61. Nd1 Kd5 62. Ke3 a4 63. Nb2 0-1

[Event "Superettan(Kungstornet-Vasteras II)"]
[Site "?"]
[Date "2019.03.29"]
[Round "7"]
[White "Henriksson, Johan"]
[Black "Gillefalk, Bjorn"]
[Result "1-0"]
[WhiteElo "2262"]
[BlackElo "2092"]
[PlyCount "47"]
1. d4 Nf6 2. c4 e6 3. g3 c5 4. Nf3 cxd4 5. Nxd4 Nc6 6. Bg2 Bb4+ 7. Bd2 Qb6 8.
Nb3 d5 9. cxd5 exd5 10. O-O Bxd2 11. Qxd2 O-O 12. Nc3 d4 13. Na4 Qb5 14. Nac5
Re8 15. Rfe1 Bg4 16. h3 Bh5 17. Rac1 Rxe2 18. Rxe2 Qxe2 19. Qxe2 Bxe2 20. Nxb7
Nb4 21. Nxd4 Ba6 22. Nc5 Rc8 23. a3 Na2 24. Rc2 1-0